00826nam a2200217Ia 4500003000900000008004100009040001600050080001900066100001900085245016400104260005100268300001000319490004600329650004100375650001100416700001900427700002000446942000700466999001500473952012000488IN-BaIIA211028s9999 xx 000 0 eng d cIIA Library a083:52bMEG-32 aMeggers, W. F. 0aTables of spectral-line intensitiesbpt. 1, arranged by elementscW. F. Meggers, C. H. Corliss and B. F. Scribner  aWashingtonbU. S. Department of Commercec1961 a474p. aNational bureau of standard monograph; 32 aAstronomy and astrophysics thesaurus aTables aCorliss, C. H. aScribner, B. F. cBK c2978d2978 00104070aBANbBANcGENd1967-11-16g33.75l0o083:52/ MEG-32p3309r2021-11-05v33.75w1967-11-16yBKGRs. 33.75